000
00332nam a2200133Ia 4500
008
191201s2007 xx 000 0 und d
100
_a
Bali, N P
245
2
_a
A text book of Engineering Mathematic 1st
250
_a
4th
260
_c
2007
_b
Laxmi Publications
_a
N.Delhi
300
_a
363
650
_a
APPLIED
942
_2
ddc
_c
BB
_0
20
999
_c
7210
_d
7210